Aspectos Sociales de la migración internacional consideraciones preliminares /
En este trabajo se hace un balance de algunos temas relacionados con los impactos sociales de la migración internacional, entre los que se cuentan: las migraciones internacionales y la globalización la importancia relativa de los factores demográficos como causas de la dinámica migratoria las cade...
Spremljeno u:
| Glavni autor: | |
|---|---|
| Daljnji autori: | , |
| Format: | Tekst |
| Teme: | |
| Oznake: |
Dodaj oznaku
Bez oznaka, Budi prvi tko označuje ovaj zapis!
|
MARC
| LEADER | 00000 a a2200000 04500 | ||
|---|---|---|---|
| 001 | 10334 | ||
| 003 | |||
| 040 | |||
| 100 | |a Martine, George | ||
| 245 | |a Aspectos Sociales de la migración internacional consideraciones preliminares / |c George Martine ; Ralph Hakkert ; José Miguel Guzmán M | ||
| 520 | |a En este trabajo se hace un balance de algunos temas relacionados con los impactos sociales de la migración internacional, entre los que se cuentan: las migraciones internacionales y la globalización |a la importancia relativa de los factores demográficos como causas de la dinámica migratoria |a las cadenas migratorias, las remesas y el desarrollo de comunidades de origen |a la selectividad migratoria, la xenofobia y la discriminación, y la relación entre salud reproductiva, equidad de género y migración internacional | ||
| 650 | |a CAMBIO DEMOGRAFICO | ||
| 650 | |a CRECIMIENTO DEMOGRAFICO | ||
| 650 | |a MIGRACION | ||
| 650 | |a GLOBALIZACION | ||
| 650 | |a DISCRIMINACION | ||
| 650 | |a POBLACION ECONOMICAMENTE ACTIVA | ||
| 650 | |a CRECIMIENTO DE LA POBLACION | ||
| 700 | |a Hakkert, Ralph | ||
| 700 | |a Guzmán M, José Miguel | ||
| 773 | |g volumen 28, número 73; páginas 163-193 | ||
| 999 | |c 35156 |d 35156 | ||
